La identidad:problema de masas

Saved in:
Bibliographic Details
Main Author: Klapp, Orrin E (Author)
Format: Book
Language:Spanish
Published: Ciudad de México Pax-México 1973
Subjects:
Tags: Add Tag
No Tags, Be the first to tag this record!

MARC

LEADER 00000nam a2200000 a 4500
001 UCR6134
003 CL-VaPUC
008 980420e19730000MX |||||||||||||||||spa|d
082 0 4 |a 303.32  |b KLA  |2 21 
100 0 |a Klapp, Orrin E  |e author  |9 407304 
245 1 3 |a La identidad:problema de masas 
300 |a 486 p 
942 |c BK 
945 |d 19980420 00:00:00  |a rbrito 
260 |a Ciudad de México  |b Pax-México  |c 1973 
650 0 |a Identidad Humana   |9 407305 
650 0 |a Psicología   |9 257863 
650 0 |a Psicología social   |9 222894 
650 0 |a Sociología   |9 255410 
583 |a last modification  |c 19980420 00:00:00  |k Rodrigo Vera 
999 |c 268440  |d 268438 
952 |0 0  |1 0  |4 0  |6 303_320000000000000_KLA_1973  |7 0  |8 A  |9 301587  |a BIBGIM  |b BIBGIM  |d 2019-11-20  |i 3379841  |o 303.32 KLA 1973  |p 3379841  |r 2025-01-15  |w 2019-11-20  |y BK  |k GIM 
952 |0 0  |1 0  |4 0  |6 303_320000000000000_KLA_1973  |7 0  |8 A  |9 301588  |a BIBGIM  |b BIBGIM  |d 2019-11-20  |i 337985K  |o 303.32 KLA 1973  |p 337985K  |r 2025-01-15  |w 2019-11-20  |y BK  |k GIM